Vista normal
Vista MARC
Entrada Topical Term
Número de registros utilizados en: 1
001 - CONTROL NUMBER
- control field: 2329
003 - CONTROL NUMBER IDENTIFIER
- control field: OSt
005 - DATE AND TIME OF LATEST TRANSACTION
- control field: 20200331213149.0
008 - FIXED-LENGTH DATA ELEMENTS
- fixed length control field: 200331|| aca||aabn | a|a d
040 ## - CATALOGING SOURCE
- Original cataloging agency: OSt
- Transcribing agency: OSt
150 ## - HEADING--TOPICAL TERM
- Topical term or geographic name entry element: Política y gobierno
670 ## - SOURCE DATA FOUND
- Source citation: Work cat.: (OSt)4798: Colombia. Presidente (1986-1990 : Barco Vargas) 2327, Reformas para el cambio : , 1988